| 000 | 01449cam a22003011 4500 | ||
|---|---|---|---|
| 001 | hew63000110 | ||
| 003 | DLC | ||
| 005 | 20260227111512.0 | ||
| 008 | 720706s1963 dcuab f000 0 eng c | ||
| 010 | _ahew63000110 | ||
| 035 | _a(OCoLC)349540 | ||
| 040 |
_aU.S. Dept. of Health, Education, and Welfare. Library _cODaU _dOCoLC _dDLC |
||
| 042 | _apremarc | ||
| 050 | 0 | 0 |
_aL111 _b.A72 no. 709 |
| 086 | 0 | _aOE-51002-61 | |
| 100 | 1 | _aBokelman, W. Robert. | |
| 245 | 1 | 0 |
_aNew construction and rehabilitation on college campuses, _b1959-60 and 1960-61, _cby W. Robert Bokelman and Leslie F. Robbins. |
| 260 |
_a[Washington] _bU.S. Dept. of Health, Education, and Welfare, Office of Education; _b[for sale by the Superintendent of Documents, U.S. Govt. Print. Off., _c1963] |
||
| 300 |
_avii, 54 p. _bmaps, diagrs., tables. _c26 cm. |
||
| 490 | 1 |
_aUnited States. Office of Education. Circular, _vno. 709 |
|
| 500 | _a"OE-51002-61." | ||
| 500 | _a"Follows in chronological order 'Progress in the construction of higher education facilities, 1951-59' (OE Circular no. 665)" | ||
| 501 |
_aWith : Science publication / Albert Piltz. Washington : Govt. Print. Off., 1963. Bound together subsequent to publication. _5DLC |
||
| 650 | 0 | _aCollege buildings. | |
| 650 | 0 |
_aUniversities and colleges _zUnited States _xFinance. |
|
| 700 | 1 |
_aRobbins, Leslie Frank, _d1898- _ejoint author. |
|
| 830 | 0 |
_aCircular (United States. Office of Education) ; _vno. 709. |
|
| 999 |
_c34438 _d34438 |
||